|
|
|
|
| LEADER |
01656cas a2200181 a 4500 |
| 001 |
AALConferenceProceedingsASME001187 |
| 008 |
230101c9999 xx r poo 0 0eng d |
| 020 |
|
|
|a 978-0-7918-5761-8
|
| 040 |
|
|
|a BD-DhAAL
|c BD-DhAAL
|
| 245 |
0 |
0 |
|h [electronic resource]
|a ASME 2017 Power Conference Joint With ICOPE-17 collocated with the ASME 2017 11th International Conference on Energy Sustainability, the ASME 2017 15th International Conference on Fuel Cell Science, Engineering and Technology, and the ASME 2017 Nuclear Forum - Volume 2: I&C, Digital Controls, and Influence of Human Factors; Plant Construction Issues and Supply Chain Management; Plant Operations, Maintenance, Aging Management, Reliability and Performance; Renewable Energy Systems: Solar, Wind, Hydro and Geothermal; Risk Management, Safety and Cyber Security; Steam Turbine-Generators, Electric Generators, Transformers, Switchgear, and Electric BOP and Auxiliaries; Student Competition; Thermal Hydraulics and Computational Fluid Dynamics
|
| 260 |
|
|
|b ASME
|
| 300 |
|
|
|a 1 online resource
|
| 500 |
|
|
|a <strong>Off-Campus Access:</strong> Athens ID and Password Required
|
| 500 |
|
|
|a <strong>On-Campus Access:</strong> No User ID or Password Required
|
| 506 |
|
|
|a Electronic access restricted to authorized BRAC University faculty, staff and students
|
| 538 |
|
|
|a Mode of access: Internet
|
| 856 |
4 |
0 |
|z Full text available on ASME[2017-2017]
|u https://asmedigitalcollection.asme.org/POWER/POWER2017-ICOPE-17/volume/57618
|
| 856 |
4 |
0 |
|z Off-campus access
|u https://go.openathens.net/redirector/bracu.ac.bd?url=https%3A%2F%2Fasmedigitalcollection.asme.org%2FPOWER%2FPOWER2017-ICOPE-17%2Fvolume%2F57618
|